Una polémica literaria (Record no. 168670)
[ view plain ]
| 000 -LEADER | |
|---|---|
| campo de control de longitud fija | 00968nam a22002535i 4500 |
| 001 - NÚMERO DE CONTROL | |
| campo de control | 168670 |
| 003 - IDENTIFICADOR DE NÚMERO DE CONTROL | |
| campo de control | ES-MaACL |
| 005 - FECHA Y HORA DE LA ÚLTIMA TRANSACCIÓN | |
| campo de control | 20250805003354.0 |
| 008 - DATOS DE LONGITUD FIJA--INFORMACIÓN GENERAL | |
| campo de control de longitud fija | 080430s2007 sp |||| | spa d |
| 020 ## - NÚMERO INTERNACIONAL ESTÁNDAR DEL LIBRO | |
| Número Internacional Estándar del Libro | 978-84-8489-081-2 (Iberoamericana) |
| 020 ## - NÚMERO INTERNACIONAL ESTÁNDAR DEL LIBRO | |
| Número Internacional Estándar del Libro | 978-3-86527-273-7 (Vervuert) |
| 080 ## - NÚMERO DE LA CLASIFICACIÓN DECIMAL UNIVERSAL | |
| Número de la Clasificación Decimal Universal | 821.134.2 Vega, Lope de 2.06 |
| 080 ## - NÚMERO DE LA CLASIFICACIÓN DECIMAL UNIVERSAL | |
| Número de la Clasificación Decimal Universal | 821.134.2 Colmenares, Diego de 2.06 |
| 100 1# - ENTRADA PRINCIPAL--NOMBRE DE PERSONA | |
| Nombre de persona | Tubau, Xavier. |
| 9 (RLIN) | 137750 |
| 245 14 - MENCIÓN DEL TÍTULO | |
| Título | Una polémica literaria |
| Resto del título | : Lope de Vega y Diego de Colmenares / |
| Mención de responsabilidad, etc. | Xavier Tubau. |
| 260 ## - PUBLICACIÓN, DISTRIBUCIÓN, ETC. | |
| Lugar de publicación, distribución, etc. | Madrid : |
| Nombre del editor, distribuidor, etc. | Iberoamericana ; |
| Lugar de publicación, distribución, etc. | Frankfurt am Main : |
| Nombre del editor, distribuidor, etc. | Vervuet, |
| Fecha de publicación, distribución, etc. | 2007. |
| 300 ## - DESCRIPCIÓN FÍSICA | |
| Extensión | 251 p. ; |
| Dimensiones | 24 cm. |
| 490 1# - MENCIÓN DE SERIE | |
| Mención de serie | Biblioteca áurea hispánica ; |
| Designación de volumen o secuencia | 42 |
| 600 14 - PUNTO DE ACCESO ADICIONAL DE MATERIA--NOMBRE DE PERSONA | |
| Nombre de persona | Vega, Lope de, |
| Fechas asociadas al nombre | 1562-1635- |
| Subdivisión general | Crítica e interpretación |
| 9 (RLIN) | 113565 |
| 600 14 - PUNTO DE ACCESO ADICIONAL DE MATERIA--NOMBRE DE PERSONA | |
| Nombre de persona | Colmenares, Diego de- |
| Subdivisión general | Crítica e interpretación. |
| 9 (RLIN) | 137751 |
| 830 0# - PUNTO DE ACCESO ADICIONAL DE SERIE-TÍTULO UNIFORME | |
| Título uniforme | Biblioteca áurea hispánica ; |
| Designación de volumen o secuencia | 42 |
| 9 (RLIN) | 188819 |
| 852 ## - LOCALIZACIÓN | |
| Ubicación | ES-MaACL |
| Número de control de estantería | L-29416 |
| itemnumber | R.142931 |
| Estatus retirado | Estado de pérdida | Estado de daño | No para préstamo | Biblioteca de origen | Biblioteca actual | Ubicación en estantería | Fecha de adquisición | Fuente de adquisición | Total de préstamos | Signatura topográfica completa | Código de barras | Visto por última vez | Precio de reemplazo | Tipo de ítem Koha |
|---|---|---|---|---|---|---|---|---|---|---|---|---|---|---|
| Biblioteca del Ateneo de Madrid | Biblioteca del Ateneo de Madrid | Depósito 2 | 30/04/2008 | L-29416 | 1177005 | 23/02/2023 | 23/02/2023 | Libro impreso |
